[Event "CZE-ch 2020"]
[Site "Pilsen"]
[Date "2020.08.24"]
[Round "2.38"]
[White "Paseka, Matyas"]
[Black "Babula ml., Vlastimil"]
[Result "1-0"]
[WhiteElo "1959"]
[BlackElo "2138"]
[Annotator "ChessBase"]
[PlyCount "107"]
[EventDate "2020.08.23"]
[EventType "swiss"]
[EventCountry "CZE"]
[SourceTitle "playchess.com"]
[Source "ChessBase"]
[SourceQuality "1"]
[TimeControl "40/5400+30:1800+30"]

1. e4 {[%emt 0:00:00]} c5 {[%emt 0:00:00]} 2. Nf3 {[%emt 0:00:00]} d6 {[%emt 0:00:20]} 3. d4 {[%emt 0:00:00]} cxd4 {[%emt 0:00:14]} 4. Nxd4 {[%emt 0:00:05]} Nf6 {[%emt 0:00:16]} 5. Nc3 {[%emt 0:00:07]} a6 {[%emt 0:00:24]} 6. f4 {[%emt 0:00:40]} e6 {[%emt 0:04:16]} 7. Bd3 {[%emt 0:00:25]} Be7 {[%emt 0:02:38]} 8. e5 {[%emt 0:00:49]} dxe5 {[%emt 0:04:29]} 9. fxe5 {[%emt 0:00:11]} Nfd7 {[%emt 0:02:08]} 10. Nxe6 {[%emt 0:00:59]} Qa5 {[%emt 0:03:19]} 11. Nxg7+ {[%emt 0:01:46]} Kf8 {[%emt 0:02:00]} 12. Bh6 {[%emt 0:02:52]} Qxe5+ {[%emt 0:01:11]} 13. Ne2 {[%emt 0:05:18]} Nf6 {[%emt 0:03:23]} 14. Nf5+ {[%emt 0:10:25]} Ke8 {[%emt 0:00:57]} 15. Bf4 {[%emt 0:00:44]} Qc5 {[%emt 0:07:15]} 16. Neg3 {[%emt 0:06:25]} Nd5 {[%emt 0:07:55]} 17. Be5 {[%emt 0:01:29]} Ne3 {[%emt 0:01:19]} 18. Nxe3 {[%emt 0:00:53]} Qxe5 {[%emt 0:00:45]} 19. Qe2 {[%emt 0:01:29]} Bc5 {[%emt 0:05:26]} 20. Nd5 {[%emt 0:03:01]} Qxe2+ {[%emt 0:01:20]} 21. Kxe2 {[%emt 0:00:19]} Kd8 {[%emt 0:02:20]} 22. Rhf1 {[%emt 0:04:15]} Nc6 {[%emt 0:04:49]} 23. Ne4 {[%emt 0:03:42]} Bf8 {[%emt 0:06:26]} 24. Nb6 {[%emt 0:02:22]} Bg4+ {[%emt 0:00:23]} 25. Ke1 {[%emt 0:05:24]} Rb8 {[%emt 0:10:28]} 26. Rxf7 {[%emt 0:06:50]} Ne5 {[%emt 0:00:19]} 27. Rf2 {[%emt 0:01:16]} Nxd3+ {[%emt 0:05:24]} 28. cxd3 {[%emt 0:00:13]} Bg7 {[%emt 0:02:00]} 29. Nf6 {[%emt 0:06:52]} Bxf6 {[%emt 0:02:29]} 30. Rxf6 {[%emt 0:00:24]} Re8+ {[%emt 0:00:55]} 31. Kf2 {[%emt 0:00:42]} Re6 {[%emt 0:01:23]} 32. Rf8+ {[%emt 0:02:57]} Re8 {[%emt 0:00:04]} 33. Rxe8+ {[%emt 0:00:40]} Kxe8 {[%emt 0:00:05]} 34. Re1+ {[%emt 0:01:23]} Kf7 {[%emt 0:00:34]} 35. Nc4 {[%emt 0:05:36]} Kf6 {[%emt 0:02:08]} 36. d4 {[%emt 0:04:19]} Rd8 {[%emt 0:02:28]} 37. Re4 {[%emt 0:05:50]} Be6 {[%emt 0:09:02]} 38. b3 {[%emt 0:00:25]} Bf5 {[%emt 0:00:40]} 39. Rf4 {[%emt 0:00:53]} Kg5 {[%emt 0:02:03]} 40. g3 {[%emt 0:04:54]} Bb1 {[%emt 0:01:13]} 41. a3 {[%emt 0:32:56]} b5 {[%emt 0:31:41]} 42. Nd2 {[%emt 0:01:26]} Bc2 {[%emt 0:02:31]} 43. Ne4+ {[%emt 0:01:32]} Bxe4 {[%emt 0:01:22]} 44. Rxe4 {[%emt 0:00:09]} Kf6 {[%emt 0:00:11]} 45. Ke3 {[%emt 0:04:07]} Rc8 {[%emt 0:00:00]} 46. d5 {[%emt 0:00:00]} Rc3+ {[%emt 0:00:00]} 47. Kd4 {[%emt 0:00:00]} Rxb3 {[%emt 0:00:00]} 48. Re6+ {[%emt 0:00:00]} Kf7 {[%emt 0:00:00]} 49. Rxa6 {[%emt 0:00:00]} Rb2 {[%emt 0:00:00]} 50. Ra7+ {[%emt 0:00:00]} Kg6 {[%emt 0:00:00]} 51. d6 {[%emt 0:00:00]} Rxh2 {[%emt 0:00:00]} 52. d7 {[%emt 0:00:00]} Rd2+ {[%emt 0:00:00]} 53. Ke5 {[%emt 0:00:00]} h5 {[%emt 0:00:00]} 54. Ra6+ {[%emt 0:00:00]} 1-0

[Event "CZE-ch 2020"]
[Site "Pilsen"]
[Date "2020.08.25"]
[Round "3.1"]
[White "Navara, David"]
[Black "Hurdzan, Tomas"]
[Result "1-0"]
[WhiteElo "2719"]
[BlackElo "2325"]
[Annotator "TA"]
[PlyCount "79"]
[EventDate "2020.08.23"]
[EventType "swiss"]
[EventCountry "CZE"]
[SourceTitle "playchess.com"]
[Source "ChessBase"]
[SourceQuality "1"]

{[%evp 20,79,29,-16,107,107,149,138,153,153,147,143,184,140,139,141,151,129,141,154,166,150,152,130,205,209,204,214,221,218,262,250,251,210,195,172,332,316,325,325,507,494,488,480,415,460,413,254,277,282,450,421,544,556,534,545,522,522,495,480,990,972]} 1. e4 c5 2. Nf3 d6 3. d4 cxd4 4. Nxd4 Nf6 5. Nc3 Nc6 6. Bg5 e6 7. Qd2 a6 8. O-O-O Bd7 9. f4 Be7 10. Nf3 b5 11. Bd3 Qb6 {B68: Sicilian: Richter-Rauzer: 7...a6 8 0-0-0 Bd7 9 f4 Be7 .} (11... b4 $11 {remains equal.} 12. Na4 Qc7) 12. e5 $16 {[#]} b4 $146 ({Predecessor:} 12... dxe5 13. fxe5 Nd5 14. Nxd5 exd5 15. Be4 Be6 16. Bxd5 Bxd5 17. Qxd5 Rd8 18. Qe4 Bxg5+ 19. Nxg5 {1-0 (27) Edouard,R (2483)-Balenovic,Z (2257) Biel 2007}) 13. exf6 (13. Na4 Qa5 $11) 13... gxf6 {White is clearly better.} 14. Nd5 $1 {[%cal Rd5b6]} ({Worse is} 14. Na4 Qa5 $11) 14... exd5 15. Bh4 $1 O-O-O 16. Rhe1 Rde8 17. Kb1 Bd8 18. Rxe8 Rxe8 19. Bxh7 Rh8 20. Bd3 Qa5 21. Bf2 f5 (21... Kb7 $16 22. Bf1 Bf5 23. Qxd5 Qxd5 24. Rxd5 Be4 25. Rxd6 Bxf3 26. gxf3 Rxh2) 22. Nd4 $18 Nxd4 23. Bxd4 Rxh2 {[#]} 24. c3 $1 {[%cal Rc3b4]} bxc3 25. Bxc3 ({And not} 25. Qxc3+ Qxc3 26. Bxa6+ Kb8 $11) 25... Qb6 {[#]} 26. Bd4 $1 {[%cal Rd4b6][%mdl 512]} Qb7 (26... Qxd4 27. Bxa6+) 27. Qe2 Bb5 $2 (27... Qb4 {is a better defense.} 28. Bxa6+ Kb8) 28. Bxf5+ Kb8 29. Qg4 Bb6 (29... Qe7 {was called for.} 30. Qf3 Qe2) 30. Bxb6 Qxb6 31. Qg8+ Ka7 32. Qxf7+ {[%mdl 64] Double Attack} Qb7 33. Qxb7+ Kxb7 {[%mdl 4096] Endgame KRB-KRB} 34. Bh3 ({But not} 34. Rxd5 $6 Kc7 $18) 34... Kc7 (34... Be2 {was worth a try.} 35. Rxd5 Bf3) 35. f5 {White is clearly winning.} Kd7 36. f6+ Ke8 37. Rxd5 Kf7 38. Rxd6 Rh1+ 39. Kc2 Rf1 (39... a5 $142 40. Rd5 Be8 41. Rxa5 Kxf6) 40. Be6+ {Accuracy: White = 85%, Black = 40%.} 1-0

[Event "CZE-ch 2020"]
[Site "Pilsen"]
[Date "2020.08.25"]
[Round "3.2"]
[White "Hracek, Zbynek"]
[Black "Freisler, Pavel"]
[Result "1-0"]
[WhiteElo "2563"]
[BlackElo "2249"]
[Annotator "TA"]
[PlyCount "137"]
[EventDate "2020.08.23"]
[EventType "swiss"]
[EventCountry "CZE"]
[SourceTitle "playchess.com"]
[Source "ChessBase"]
[SourceQuality "1"]

{[%evp 15,137,14,4,10,10,7,11,16,20,0,9,3,9,3,12,0,20,14,18,16,20,8,10,-25,37,0,0,0,0,0,0,0,5,0,0,-4,0,0,0,0,0,0,0,0,10,12,15,17,17,17,16,16,15,8,8,10,18,19,16,0,20,16,15,8,17,9,13,10,13,8,9,8,14,10,9,10,8,0,0,0,0,0,0,0,21,21,21,21,21,19,16,21,42,42,42,42,42,42,52,60,264,285,245,248,1079,1053,881,881,1484,1520,1310,1275,584,1110,29954,29955,29956,29951,29966,29968,29959,29960,4614,1188]} 1. e4 e5 2. Nf3 Nc6 3. Bc4 Bc5 4. c3 Nf6 5. d4 exd4 6. e5 d5 7. Bb5 Ne4 8. cxd4 Bb6 9. Be3 {C54: Giuoco Piano: 4 c3 Nf6, main lines with 5 d4 and 5 d3.} O-O 10. Nc3 Bg4 11. h3 {The position is equal.} Bh5 12. Qc2 (12. Bxc6 $5 bxc6 13. O-O $11) 12... Bg6 {...Nxc3 is the strong threat. 12...Nxc3 is the hot move.} 13. Qb3 Ne7 14. O-O c6 15. Bd3 Nf5 16. Rfe1 Nxe3 17. Rxe3 {[%cal Rc3e4]} Ng5 {[#]} 18. Nxg5 $146 ({Predecessor:} 18. Bxg6 fxg6 19. Ne2 Ne6 20. a4 Rf7 21. Qc3 a5 22. Qd2 g5 23. Rb1 Qe7 24. Rb3 {½-½ (46) Firouzja,A (2582)-Sunilduth Lyna,N (2573) Manavgat 2018}) 18... Qxg5 19. Bxg6 {Hoping for Bc2.} (19. Rg3 $5 {[%cal Rg3g5]} Qe7 20. Bxg6 hxg6 21. Ne2 $11) 19... Qxg6 (19... Bxd4 $11 20. Bxh7+ Kxh7) 20. Rd1 f6 $1 21. Na4 fxe5 22. Nxb6 axb6 23. dxe5 Qf5 24. Rd2 b5 25. e6 Rae8 26. e7 Rf7 27. Rde2 Qd7 {[%cal Rf7e7]} 28. Qb4 d4 29. Rd2 Rfxe7 30. Rxd4 Qc7 31. Qb3+ Kf8 32. Rxe7 Rxe7 $11 {[%cal Re7e1][%mdl 4096] Endgame KQR-KQR} 33. g3 g6 34. Qc3 {Threatens to win with Rd8+!} Kg8 35. Kg2 Re8 36. Qb3+ Kg7 37. Qc3 {Intending Rd7+! and mate.} Kg8 38. h4 Qf7 39. a3 Qe6 (39... Re2 {feels hotter.} 40. Rd8+ Re8 41. Rd6 Re6 42. Rd2 h5) 40. Rf4 Qe5 41. Qb3+ Qe6 $1 {[%cal Re6b3]} 42. Qd3 h5 43. Rd4 Kg7 44. Rd6 Qf7 $1 45. Qd4+ Kh7 $1 46. g4 hxg4 47. Qxg4 Re7 48. Kg3 Qb3+ 49. f3 Rg7 (49... Qf7 {is more complex.} 50. b4 Qg7 51. Kh3 Qf7 52. Kg3) 50. Qe4 Qc4 51. Qxc4 bxc4 {KR-KR} 52. Kg4 Re7 53. f4 c3 54. bxc3 Re3 $1 55. Rd7+ Kh6 56. Rxb7 {Black must now prevent c4.} Rxc3 57. a4 Ra3 $2 {[#] Black cannot hold the game after this.} ({Black should play} 57... c5 $14) 58. Rb4 $1 $18 Rc3 {[#]} 59. f5 $1 {[%cal Rf5f6] And now f6 would win.} gxf5+ $2 (59... c5 60. Rb6 Rc4+ 61. Kg3 Rxa4) 60. Kxf5 c5 61. Rf4 c4 62. Ke5 Rc1 63. Kd5 c3 64. Kc4 c2 65. Kc3 Re1 66. Kxc2 Re8 67. a5 Rc8+ 68. Kb3 Rb8+ 69. Rb4 {Accuracy: White = 95%, Black = 81%.} (69. Ka4 $142 Re8 70. a6) 1-0

[Event "CZE-ch 2020"]
[Site "Pilsen"]
[Date "2020.08.25"]
[Round "3.3"]
[White "Finek, Vaclav"]
[Black "Polak, Tomas"]
[Result "1/2-1/2"]
[WhiteElo "2344"]
[BlackElo "2563"]
[Annotator "ChessBase"]
[PlyCount "80"]
[EventDate "2020.08.23"]
[EventType "swiss"]
[EventCountry "CZE"]
[SourceTitle "playchess.com"]
[Source "ChessBase"]
[SourceQuality "1"]
[TimeControl "40/5400+30:1800+30"]

1. Nf3 {[%emt 0:00:00]} Nf6 {[%emt 0:00:00]} 2. c4 {[%emt 0:00:00]} d6 {[%emt 0:00:17]} 3. d4 {[%emt 0:00:00]} Bf5 {[%emt 0:00:17]} 4. g3 {[%emt 0:01:06]} c6 {[%emt 0:03:14]} 5. Bg2 {[%emt 0:00:29]} h6 {[%emt 0:07:48]} 6. O-O {[%emt 0:02:18]} e6 {[%emt 0:00:09]} 7. Nc3 {[%emt 0:05:25]} Nbd7 {[%emt 0:02:14]} 8. Re1 {[%emt 0:10:11]} Ne4 {[%emt 0:01:17]} 9. Qb3 {[%emt 0:03:01]} Qb6 {[%emt 0:09:18]} 10. Nh4 {[%emt 0:08:53]} Nxc3 {[%emt 0:02:19]} 11. Nxf5 {[%emt 0:03:04]} Qxb3 {[%emt 0:12:11]} 12. axb3 {[%emt 0:00:20]} exf5 {[%emt 0:00:10]} 13. bxc3 {[%emt 0:00:09]} Nf6 {[%emt 0:00:45]} 14. b4 {[%emt 0:07:18]} d5 {[%emt 0:02:52]} 15. b5 {[%emt 0:07:13]} cxb5 {[%emt 0:04:37]} 16. cxb5 {[%emt 0:00:16]} Ne4 {[%emt 0:12:09]} 17. Bb2 {[%emt 0:03:29]} Kd7 {[%emt 0:04:29]} 18. b6 {[%emt 0:03:46]} a5 {[%emt 0:05:08]} 19. g4 {[%emt 0:08:27]} fxg4 {[%emt 0:02:20]} 20. c4 {[%emt 0:01:00]} Bb4 {[%emt 0:00:47]} 21. Rec1 {[%emt 0:04:57]} f5 {[%emt 0:00:36]} 22. c5 {[%emt 0:01:07]} Kc6 {[%emt 0:02:29]} 23. Rc2 {[%emt 0:02:52]} a4 {[%emt 0:05:33]} 24. Ba3 {[%emt 0:03:35]} Bxa3 {[%emt 0:00:25]} 25. Rxa3 {[%emt 0:00:18]} Ra5 {[%emt 0:00:19]} 26. e3 {[%emt 0:04:11]} Rb5 {[%emt 0:10:07]} 27. Rxa4 {[%emt 0:04:35]} Rb1+ {[%emt 0:00:15]} 28. Bf1 {[%emt 0:00:06]} g5 {[%emt 0:03:26]} 29. Ra5 {[%emt 0:08:18]} f4 {[%emt 0:01:40]} 30. Rca2 {[%emt 0:02:29]} fxe3 {[%emt 0:03:02]} 31. Ra1 {[%emt 0:02:04]} exf2+ {[%emt 0:00:54]} 32. Kg2 {[%emt 0:00:13]} Rxf1 {[%emt 0:03:44]} 33. Rxf1 {[%emt 0:01:25]} Rf8 {[%emt 0:00:06]} 34. Ra2 {[%emt 0:01:14]} h5 {[%emt 0:01:17]} 35. Raxf2 {[%emt 0:02:54]} Nxf2 {[%emt 0:00:06]} 36. Rxf2 {[%emt 0:00:09]} Rf4 {[%emt 0:00:54]} 37. Rxf4 {[%emt 0:00:58]} gxf4 {[%emt 0:00:05]} 38. h4 {[%emt 0:00:26]} f3+ {[%emt 0:00:49]} 39. Kf2 {[%emt 0:00:32]} Kd7 {[%emt 0:00:14]} 40. Kg3 {[%emt 0:00:33]} Kc6 {[%emt 0:00:10]} 1/2-1/2

[Event "CZE-ch 2020"]
[Site "Pilsen"]
[Date "2020.08.25"]
[Round "3.4"]
[White "Kozusek, Daniel"]
[Black "Laznicka, Viktor"]
[Result "0-1"]
[WhiteElo "2307"]
[BlackElo "2638"]
[Annotator "TA"]
[PlyCount "100"]
[EventDate "2020.08.23"]
[EventType "swiss"]
[EventCountry "CZE"]
[SourceTitle "playchess.com"]
[Source "ChessBase"]
[SourceQuality "1"]

{[%evp 9,100,18,36,12,26,25,22,18,47,48,59,27,56,32,61,58,90,90,86,79,77,63,95,64,88,64,75,75,79,74,75,43,63,33,57,35,54,52,52,23,30,0,5,0,0,0,0,0,0,0,0,0,0,-54,-41,-97,-102,-137,-83,-83,-88,-127,-130,-153,-146,-152,-147,-154,-140,-158,-151,-168,-181,-160,-165,-229,-189,-264,-259,-242,-256,-279,-260,-261,-261,-800,-692,-1180,-1184,-29977,-29977,-6011,-225]} 1. d4 Nf6 2. c4 e6 3. g3 Bb4+ 4. Bd2 a5 5. Bg2 d6 6. Nc3 {E00: Catalan Bogo-Indian (3 g3 Bb4+).} Nbd7 7. a3 Bxc3 $1 8. Bxc3 {The position is equal.} a4 9. Qc2 O-O {[#]} 10. e3 $146 ({Predecessor:} 10. Nf3 Re8 11. Rd1 d5 12. Ne5 dxc4 13. Nxc4 Nd5 14. O-O b6 15. Bd2 Bb7 16. e4 {1-0 (40) Dyballa,M (2359)-Ellers,H (2425) Berlin 2003}) 10... c5 11. Ne2 Qc7 12. dxc5 dxc5 13. Bxf6 Nxf6 14. Nc3 Bd7 15. O-O Ng4 16. Rfd1 Ne5 17. Qe2 Bc6 18. f4 Bxg2 19. Kxg2 Nc6 20. Nb5 Qe7 21. Rd2 Rfd8 22. Rad1 Rxd2 23. Rxd2 e5 24. Nc3 Qe6 25. Nd5 {[#] Nc7 is the strong threat.} Rf8 26. Qf3 exf4 27. gxf4 Na5 28. f5 Qe5 29. Nb6 {Strongly threatening Nd7.} Qf6 30. Nd7 Qg5+ 31. Kh1 (31. Qg3 $11 Qxg3+ 32. Kxg3 Nxc4 {[%mdl 64] Double Attack} 33. Rc2 Nxe3 34. Rxc5) 31... Re8 $1 $15 ({Of course not} 31... Nxc4 $6 32. Rg2 $16) 32. Nxc5 (32. Rg2 $15 Qh6 33. f6) 32... Nxc4 $40 {[%mdl 128] Black wants a kill.} 33. Rg2 Rxe3 (33... Qf6 $142 34. Nd7 Qh6) 34. Rxg5 Rxf3 35. Nxa4 {[%mdl 4096] Endgame KRN-KRN} f6 36. Rg3 Rxf5 37. Rb3 b5 38. Nc3 {[#]} Nd6 $1 39. Rb4 Kf7 40. b3 Rc5 41. Ne2 g5 42. Kg2 (42. Nd4 $142) 42... h5 43. a4 (43. Nd4 $142) 43... bxa4 44. bxa4 Rc2 45. Kf3 g4+ 46. Kf2 f5 47. Rb6 $2 (47. Ke3) 47... f4 $19 {Hoping for ...Ne4+.} 48. Ke1 f3 49. Nd4 Rc1+ 50. Kf2 Ne4+ {Accuracy: White = 51%, Black = 82%.} 0-1

[Event "CZE-ch 2020"]
[Site "Pilsen"]
[Date "2020.08.25"]
[Round "3.5"]
[White "Stocek, Jiri"]
[Black "Serrano Salvador, Eduardo"]
[Result "1-0"]
[WhiteElo "2595"]
[BlackElo "2299"]
[Annotator "TA"]
[PlyCount "105"]
[EventDate "2020.08.23"]
[EventType "swiss"]
[EventCountry "CZE"]
[SourceTitle "playchess.com"]
[Source "ChessBase"]
[SourceQuality "1"]

{[%evp 20,105,72,51,27,17,70,39,81,58,68,0,0,0,0,-30,-27,-81,-77,-102,-80,-99,-94,-77,-68,-99,-126,-111,-122,-115,-120,-227,-192,-299,-256,-258,-141,-165,0,0,16,16,14,14,238,225,191,83,95,32,104,16,158,142,275,180,158,160,629,621,621,621,621,621,621,621,29962,29964,29964,29964,29964,29964,29964,29949,29965,29971,29971,29972,29972,29975,29975,29976,29976,29976,29976,29976,29973,29974]} 1. d4 d5 2. c4 c6 3. Nf3 Nf6 4. Nc3 e6 5. Bg5 dxc4 6. e4 b5 7. a4 Bb4 8. e5 h6 9. exf6 hxg5 10. fxg7 Rg8 11. g3 Bb7 {D44: Semi-Slav: Botvinnik System.} 12. Bg2 $1 {Ne5 is the strong threat.} Nd7 (12... c5 $1 $11 13. O-O g4) 13. O-O a6 {White is slightly better.} 14. Ne4 Rxg7 {[#]} 15. axb5 $146 ({White should play} 15. Ne5 $14) ({Predecessor:} 15. b3 cxb3 16. Qxb3 a5 17. Ne5 bxa4 18. Rxa4 Qe7 19. Nxd7 Kxd7 20. Nc5+ Kd8 21. Rxb4 axb4 22. Qxb4 {0-1 (33) Markovic,F (2019)-Biliskov,V (2311) Split 2018}) 15... cxb5 $11 16. Nfxg5 Qb6 17. Qh5 O-O-O $1 18. Nxf7 (18. Rfd1 $11) 18... Bxe4 $1 $17 19. Nxd8 Bxg2 20. Nxe6 Qxe6 21. Kxg2 Nf6 $36 {[%mdl 2048] Black has the initiative.} 22. Qe5 Qc6+ {[%mdl 1024] Black has strong compensation.} 23. Kg1 Re7 24. Qf5+ Kb7 25. d5 (25. Rac1 $17) 25... Nxd5 $19 26. Rfd1 (26. Rad1 {was called for.} Nf6 27. Rd8) 26... Nf6 27. Rd8 Ne4 (27... a5 $19 {And now ...Re2 would win.} 28. g4 Ne4) 28. Qf8 $17 a5 $2 {[#]} (28... Qc7 $19 {White must now prevent ...Nxf2!} 29. Re8 Rxe8 30. Qxe8 Nc5) 29. Rxa5 $1 $11 {[%mdl 576] Threatening mate with Rb8+. Deflection} Bxa5 30. Qxe7+ Bc7 $1 31. h4 Nxg3 $2 (31... Nd6 $11) 32. fxg3 {[%mdl 4096] Endgame Threatens to win with Rg8. KQR-KQB} Qg6 33. Rd2 (33. Kf1 $1 $18) 33... Qxg3+ $16 34. Rg2 Qf4 35. Re2 (35. Rg5 $1 $16) 35... Qd4+ {Black is on the road to losing.} (35... Qg4+ $11 {keeps the balance.} 36. Kf1 Qf5+ 37. Rf2 Qb1+ 38. Qe1 (38. Kg2 Qg6+ 39. Kf1 Qb1+ 40. Qe1 Qd3+ 41. Qe2 Qh3+ 42. Ke1 Qxh4 $14) 38... Qd3+ 39. Qe2 Qh3+ 40. Ke1 Qxh4 41. Qf3+ Kb6 42. Qf6+ Qxf6 43. Rxf6+ Ka5) 36. Kh1 {aiming for h5.} Ka6 (36... Kc6 $16 37. h5 Qg4 38. Qe8+ Kc5) 37. Qe4 Bb6 {[%csl Gb6][%cal Rd4g1]} 38. Re1 {Ra1+ would kill now.} b4 $2 {[#]} (38... Bc5 $16 39. h5 Kb6 40. Qxd4 Bxd4) 39. Qa8+ $1 $18 Kb5 40. Qe8+ Ka6 41. Qa4+ Kb7 42. Re7+ Kb8 {[%csl Gb6][%cal Rd4g1]} 43. Qe8+ {White mates.} Bd8 44. Qb5+ Bb6 {[#]} 45. Qe5+ $1 Qxe5 46. Rxe5 {KR-KB} c3 47. bxc3 bxc3 48. Re4 Bd8 49. Rc4 Kb7 50. h5 Bf6 51. Kg2 Kb6 52. Kf3 Kb5 53. Rc8 {Accuracy: White = 68%, Black = 56%.} 1-0

[Event "CZE-ch 2020"]
[Site "Pilsen"]
[Date "2020.08.25"]
[Round "3.6"]
[White "Babula, Vlastimil"]
[Black "Rabatin, Jakub"]
[Result "0-1"]
[WhiteElo "2571"]
[BlackElo "2291"]
[Annotator "ChessBase"]
[PlyCount "84"]
[EventDate "2020.08.23"]
[EventType "swiss"]
[EventCountry "CZE"]
[SourceTitle "playchess.com"]
[Source "ChessBase"]
[SourceQuality "1"]
[TimeControl "40/5400+30:1800+30"]

1. d4 {[%emt 0:00:00]} Nf6 {[%emt 0:00:00]} 2. c4 {[%emt 0:00:00]} g6 {[%emt 0:00:00]} 3. Nc3 {[%emt 0:00:08]} Bg7 {[%emt 0:00:00]} 4. e4 {[%emt 0:00:20]} d6 {[%emt 0:00:00]} 5. Nf3 {[%emt 0:00:34]} O-O {[%emt 0:00:02]} 6. Be2 {[%emt 0:00:18]} e5 {[%emt 0:00:05]} 7. O-O {[%emt 0:00:31]} Nc6 {[%emt 0:00:13]} 8. d5 {[%emt 0:00:26]} Ne7 {[%emt 0:00:05]} 9. Bg5 {[%emt 0:00:36]} h6 {[%emt 0:05:31]} 10. Bxf6 {[%emt 0:00:21]} Bxf6 {[%emt 0:00:07]} 11. b4 {[%emt 0:00:30]} Bg7 {[%emt 0:17:14]} 12. c5 {[%emt 0:01:54]} f5 {[%emt 0:00:53]} 13. Nd2 {[%emt 0:00:42]} Kh8 {[%emt 0:08:03]} 14. a4 {[%emt 0:06:03]} Ng8 {[%emt 0:12:56]} 15. c6 {[%emt 0:02:44]} bxc6 {[%emt 0:04:39]} 16. dxc6 {[%emt 0:00:21]} Ne7 {[%emt 0:01:42]} 17. Bc4 {[%emt 0:01:46]} Nxc6 {[%emt 0:02:29]} 18. Bd5 {[%emt 0:00:57]} Bd7 {[%emt 0:07:28]} 19. b5 {[%emt 0:01:03]} Nd4 {[%emt 0:00:05]} 20. Bxa8 {[%emt 0:00:31]} Qxa8 {[%emt 0:00:03]} 21. Rc1 {[%emt 0:23:09]} Rf7 {[%emt 0:08:02]} 22. Re1 {[%emt 0:02:18]} fxe4 {[%emt 0:08:26]} 23. Ncxe4 {[%emt 0:00:47]} Be6 {[%emt 0:00:28]} 24. Rc3 {[%emt 0:03:28]} Qf8 {[%emt 0:06:35]} 25. f3 {[%emt 0:05:17]} Qd8 {[%emt 0:07:40]} 26. Nf1 {[%emt 0:03:11]} Bc8 {[%emt 0:04:05]} 27. Qd2 {[%emt 0:04:27]} Kh7 {[%emt 0:02:08]} 28. Nfg3 {[%emt 0:05:36]} d5 {[%emt 0:02:50]} 29. Nc5 {[%emt 0:06:07]} Qf6 {[%emt 0:00:48]} 30. Kh1 {[%emt 0:14:54]} h5 {[%emt 0:00:16]} 31. Qa2 {[%emt 0:02:44]} h4 {[%emt 0:00:15]} 32. Nge4 {[%emt 0:01:29]} Qd8 {[%emt 0:01:36]} 33. h3 {[%emt 0:03:02]} Rf8 {[%emt 0:01:01]} 34. Nf2 {[%emt 0:00:45]} Qg5 {[%emt 0:00:30]} 35. Ncd3 {[%emt 0:06:33]} Qg3 {[%emt 0:00:34]} 36. Qxd5 {[%emt 0:01:00]} Bxh3 {[%emt 0:00:17]} 37. Rg1 {[%emt 0:02:09]} Ne2 {[%emt 0:00:30]} 38. Rxc7 {[%emt 0:01:38]} Nxg1 {[%emt 0:00:17]} 39. Nxh3 {[%emt 0:00:10]} Nxf3 {[%emt 0:00:51]} 40. gxf3 {[%emt 0:00:54]} Qxh3+ {[%emt 0:00:05]} 41. Kg1 {[%emt 0:30:04]} Qg3+ {[%emt 0:02:55]} 42. Kh1 {[%emt 0:00:00]} Rxf3 {[%emt 0:00:35]} 0-1

[Event "CZE-ch 2020"]
[Site "Pilsen"]
[Date "2020.08.25"]
[Round "3.7"]
[White "Vorisek, Jaroslav"]
[Black "Nguyen, Thai Dai Van"]
[Result "0-1"]
[WhiteElo "2279"]
[BlackElo "2569"]
[Annotator "ChessBase"]
[PlyCount "52"]
[EventDate "2020.08.23"]
[EventType "swiss"]
[EventCountry "CZE"]
[SourceTitle "playchess.com"]
[Source "ChessBase"]
[SourceQuality "1"]
[TimeControl "40/5400+30:1800+30"]

1. d4 {[%emt 0:00:00]} d5 {[%emt 0:00:00]} 2. c4 {[%emt 0:00:00]} e6 {[%emt 0:00:00]} 3. g3 {[%emt 0:00:15]} dxc4 {[%emt 0:04:26]} 4. Bg2 {[%emt 0:04:17]} Nc6 {[%emt 0:00:06]} 5. Nf3 {[%emt 0:02:44]} Rb8 {[%emt 0:00:49]} 6. O-O {[%emt 0:04:24]} Nf6 {[%emt 0:03:49]} 7. Re1 {[%emt 0:19:58]} Be7 {[%emt 0:03:49]} 8. e4 {[%emt 0:03:29]} O-O {[%emt 0:01:59]} 9. Nc3 {[%emt 0:00:34]} b5 10. d5 {[%emt 0:11:07]} exd5 {[%emt 0:18:30]} 11. exd5 {[%emt 0:04:53]} Nb4 {[%emt 0:01:49]} 12. Nd4 {[%emt 0:00:25]} Bg4 {[%emt 0:02:44]} 13. Qd2 {[%emt 0:03:11]} Bd7 {[%emt 0:03:27]} 14. a4 {[%emt 0:06:59]} a6 {[%emt 0:00:47]} 15. axb5 {[%emt 0:02:19]} axb5 {[%emt 0:00:05]} 16. b3 {[%emt 0:01:36]} Nd3 {[%emt 0:02:28]} 17. Rf1 {[%emt 0:25:26]} Bc5 {[%emt 0:04:36]} 18. bxc4 {[%emt 0:01:17]} bxc4 {[%emt 0:01:52]} 19. Nc2 {[%emt 0:00:43]} Re8 {[%emt 0:01:21]} 20. Ba3 {[%emt 0:00:45]} Bb6 {[%emt 0:01:04]} 21. Nd1 {[%emt 0:02:08]} Ne4 {[%emt 0:04:26]} 22. Bxe4 {[%emt 0:00:17]} Rxe4 {[%emt 0:00:05]} 23. Kg2 {[%emt 0:00:27]} Qc8 {[%emt 0:00:44]} 24. Nde3 {[%emt 0:03:47]} Bh3+ {[%emt 0:00:09]} 25. Kg1 {[%emt 0:00:09]} Bxf1 {[%emt 0:01:50]} 26. Rxf1 {[%emt 0:00:04]} Qh3 {[%emt 0:00:32]} 0-1